| 000 | 00661nam a2200217 i 4500 | ||
|---|---|---|---|
| 001 | 175792 | ||
| 003 | ES-MaACL | ||
| 005 | 20240502063049.0 | ||
| 007 | t| | ||
| 008 | 101122s1973 sp r ||||1| spa d | ||
| 080 | _a821.134.2-143"19" | ||
| 100 | 0 |
_aVázquez Montalbán, Manuel, _d1939- _9113463 |
|
| 245 | 1 | 0 |
_aCoplas a la muerte de mi tía Daniela / _cManuel Vázquez Montalbán. |
| 250 | _a1ª ed. | ||
| 260 |
_aBarcelona : _bSaturno, _c1973. |
||
| 300 |
_a45 p. ; _c20 cm. |
||
| 490 | 1 |
_aEl bardo ; _v70 |
|
| 830 | 0 |
_aEl Bardo, colección de poesía _v70 _9179640 |
|
| 852 |
_aES-MaACL _jE-13628 _xOlim P-361-Ter |
||
| 999 |
_c175792 _d175792 |
||